| 000 | 00868cam a22002411 4500 | ||
|---|---|---|---|
| 001 | pa 58000039 | ||
| 003 | DLC | ||
| 005 | 20260227111854.0 | ||
| 008 | 730905s1958 xx 000 0 mul | ||
| 010 | _apa 58000039 | ||
| 035 | _a(OCoLC)685119 | ||
| 040 |
_aDLC _cPPiU _dDLC |
||
| 042 | _apremarc | ||
| 050 | 0 | 0 |
_aHF3281 _b.P3 |
| 110 | 2 |
_aPan American Union. _bOffice of Statistics. |
|
| 245 | 1 | 0 | _aForeign trade of Nicaragua, 1945-1955. |
| 260 |
_aWashington, _c1958. |
||
| 300 |
_aiv, 34 p. _btables. _c27 cm. |
||
| 490 | 1 |
_aIts International trade of the American States. Bulletin _vno. 5 |
|
| 500 | _aAt head of title: Organization of American States. Inter-American Economic and Social Council. | ||
| 651 | 0 |
_aNicaragua _xCommerce. |
|
| 810 | 2 |
_aPan American Union. _bDepartment of Statistics. _tInternational trade of the American States. _tBulletin ; _vno. 5. |
|
| 999 |
_c51370 _d51370 |
||